000 01075nam a2200217 a 4500
005 20171031093251.0
008 170215s2009 ck o gr 00110 spa d
040 _aCO-BoBLA
_cCO-BoBLA
_dCO-BoIAVH
041 0 _aspa
044 _ack
082 0 4 _a333.7071
_bN86p
110 1 _aNorte de Santander (Colombia).
_bGobernación.
245 1 0 _aPlan de educación ambiental para el departamento Norte de Santander 2002-2009 :
_beducación ambiental un reto para la reconstrucción del tejido social /
_cDepartamento Norte de Santander.
260 _aCúcuta (Colombia) :
_bComite Técnico Intersintitucional de Educación Ambiental,
_c2009.
300 _a23 páginas :
_bfotografías ;
_c23 x 17 cm.
504 _aIncluye referencias bibliográficas: páginas 23.
650 2 6 _aEducación ambiental
_zNorte de Santander (Colombia)
_y2002-2009
650 2 6 _aProtección ambiental
_zNorte de Santander (Colombia)
_vProyectos
_y2002-2009
650 2 6 _aPolítica ambiental
_zNorte de Santander (Colombia)
_vProyectos
_y2002-2009
942 _2ddc
_cFolleto
999 _c5665
_d5665